000 00507pab a2200193 454500
008 180718b2013 xxu||||| |||| 00| 0 eng d
100 _aSridhar, V.K.
245 _aSocial movements and mining: The case of Kudremukh Iron Ore Company Limited
260 _c2013
300 _ap.463-480.
362 _aJul-Sep
650 _aLabour unions
650 _aPollution
650 _aMining
650 _aSocial movements
773 _aIndian Journal of Labour Economics
908 _aN
909 _a102924
999 _c102922
_d102922